Statistics for 3文字の市区町村

Click here to take the quiz!

General Stats

  • This quiz has been taken 28 times
  • The average score is 169 of 335

Answer Stats

都道府県市区町村% Correct
東京都武蔵野市
87%
東京都江戸川区
87%
千葉県習志野市
87%
広島県東広島市
87%
北海道北広島市
87%
広島県北広島町
87%
群馬県伊勢崎市
80%
神奈川県相模原市
80%
福岡県みやこ町
80%
京都府京田辺市
80%
千葉県我孫子市
80%
東京都世田谷区
80%
大阪府東大阪市
80%
栃木県宇都宮市
80%
福岡県久留米市
80%
茨城県つくば市
73%
神奈川県海老名市
73%
愛媛県宇和島市
73%
大阪府寝屋川市
73%
埼玉県富士見市
73%
東京都東村山市
73%
福岡県北九州市
73%
長野県富士見町
73%
兵庫県加古川市
73%
新潟県十日町市
73%
東京都西東京市
73%
千葉県木更津市
73%
神奈川県横須賀市
73%
石川県かほく市
73%
神奈川県小田原市
73%
愛知県名古屋市
73%
茨城県北茨城市
73%
神奈川県茅ヶ崎市
73%
茨城県八千代町
73%
新潟県糸魚川市
73%
千葉県南房総市
73%
香川県小豆島町
73%
滋賀県東近江市
73%
長崎県佐世保市
73%
大阪府泉大津市
73%
京都府京丹後市
73%
鹿児島県瀬戸内町
73%
静岡県御殿場市
73%
大阪府泉佐野市
73%
東京都国分寺市
73%
千葉県八千代市
73%
三重県いなべ市
73%
東京都八王子市
73%
鹿児島県南九州市
73%
大阪府羽曳野市
73%
岐阜県中津川市
67%
愛知県春日井市
67%
高知県四万十市
67%
三重県四日市市
67%
高知県四万十町
67%
沖縄県宜野湾市
67%
青森県十和田市
67%
愛知県南知多町
67%
京都府木津川市
67%
北海道苫小牧市
67%
香川県観音寺市
67%
奈良県十津川村
67%
岐阜県多治見市
67%
静岡県南伊豆町
67%
東京都小金井市
67%
鹿児島県鹿児島市
67%
新潟県新発田市
67%
沖縄県うるま市
67%
神奈川県伊勢原市
67%
愛知県尾張旭市
67%
北海道富良野市
67%
福島県いわき市
67%
福岡県大野城市
67%
佐賀県伊万里市
67%
静岡県牧之原市
67%
静岡県富士宮市
67%
広島県廿日市市
67%
秋田県にかほ市
67%
和歌山県和歌山市
67%
埼玉県東松山市
67%
愛媛県新居浜市
67%
福井県あわら市
60%
新潟県南魚沼市
60%
北海道歌志内市
60%
山梨県上野原市
60%
宮城県東松島市
60%
京都府京丹波町
60%
福井県南越前町
60%
茨城県龍ケ崎市
60%
埼玉県東秩父村
60%
香川県さぬき市
60%
千葉県いすみ市
60%
長野県安曇野市
60%
長崎県南島原市
60%
福島県南相馬市
60%
宮城県多賀城市
60%
新潟県粟島浦村
60%
栃木県さくら市
60%
京都府福知山市
60%
東京都東大和市
60%
和歌山県紀の川市
60%
岐阜県各務原市
60%
広島県江田島市
60%
福岡県大牟田市
60%
静岡県御前崎市
60%
石川県中能登町
60%
徳島県吉野川市
60%
熊本県上天草市
60%
栃木県那珂川町
60%
東京都奥多摩町
60%
福岡県那珂川市
60%
京都府長岡京市
60%
宮崎県えびの市
60%
静岡県西伊豆町
60%
神奈川県湯河原町
60%
東京都小笠原村
60%
埼玉県春日部市
60%
秋田県北秋田市
60%
北海道ニセコ町
60%
福島県喜多方市
60%
兵庫県たつの市
53%
群馬県みどり市
53%
奈良県下北山村
53%
北海道中頓別町
53%
福島県二本松市
53%
福島県須賀川市
53%
大分県津久見市
53%
長野県南木曽町
53%
三重県南伊勢町
53%
鹿児島県中種子町
53%
石川県野々市市
53%
愛知県長久手市
53%
山梨県富士川町
53%
熊本県南阿蘇村
53%
北海道せたな町
53%
静岡県東伊豆町
53%
香川県善通寺市
53%
千葉県袖ケ浦市
53%
北海道浜頓別町
53%
鹿児島県西之表市
53%
島根県津和野町
53%
宮崎県高千穂町
53%
鹿児島県南大隅町
53%
秋田県八郎潟町
53%
大阪府富田林市
53%
福岡県みやま市
53%
鹿児島県志布志市
53%
愛知県みよし市
53%
長野県軽井沢町
53%
大阪府岸和田市
53%
長野県南箕輪村
53%
奈良県上北山村
53%
富山県小矢部市
53%
沖縄県与那国町
53%
山形県尾花沢市
53%
新潟県小千谷市
53%
北海道長万部町
53%
岩手県大船渡市
53%
北海道えりも町
53%
北海道黒松内町
53%
愛媛県八幡浜市
53%
岐阜県揖斐川町
53%
佐賀県みやき町
53%
大阪府四條畷市
53%
和歌山県有田川町
53%
沖縄県伊是名村
53%
福井県永平寺町
47%
岐阜県東白川村
47%
愛知県阿久比町
47%
岩手県八幡平市
47%
沖縄県豊見城市
47%
北海道神恵内村
47%
長野県南相木村
47%
栃木県上三川町
47%
青森県鰺ヶ沢町
47%
青森県野辺地町
47%
北海道中標津町
47%
千葉県鎌ケ谷市
47%
千葉県四街道市
47%
群馬県中之条町
47%
福井県おおい町
47%
香川県宇多津町
47%
群馬県長野原町
47%
福岡県うきは市
47%
鳥取県日吉津村
47%
長崎県小値賀町
47%
青森県田舎館村
47%
島根県奥出雲町
47%
埼玉県小鹿野町
47%
兵庫県猪名川町
47%
福島県南会津町
47%
栃木県大田原市
47%
島根県西ノ島町
47%
大阪府藤井寺市
47%
東京都青ヶ島村
47%
鹿児島県徳之島町
47%
東京都千代田区
47%
京都府南山城村
47%
北海道初山別村
47%
兵庫県新温泉町
47%
北海道新篠津村
47%
沖縄県宮古島市
47%
岐阜県関ケ原町
47%
沖縄県南大東村
47%
岡山県久米南町
47%
香川県多度津町
47%
岩手県田野畑村
47%
山梨県山中湖村
47%
沖縄県宜野座村
47%
宮城県気仙沼市
47%
群馬県千代田町
47%
長野県北相木村
47%
沖縄県北大東村
47%
青森県つがる市
47%
神奈川県南足柄市
47%
鹿児島県阿久根市
40%
鹿児島県さつま町
40%
青森県外ヶ浜町
40%
長野県駒ヶ根市
40%
鹿児島県南種子町
40%
青森県六ヶ所村
40%
新潟県阿賀野市
40%
徳島県小松島市
40%
埼玉県鶴ヶ島市
40%
福島県猪苗代町
40%
奈良県東吉野村
40%
鳥取県湯梨浜町
40%
山形県大石田町
40%
新潟県出雲崎町
40%
奈良県明日香村
40%
北海道洞爺湖町
40%
群馬県下仁田町
40%
北海道佐呂間町
40%
東京都神津島村
40%
福島県北塩原村
40%
沖縄県北中城村
40%
茨城県小美玉市
40%
福岡県筑紫野市
40%
北海道倶知安町
40%
東京都御蔵島村
40%
鹿児島県屋久島町
40%
熊本県南小国町
40%
山形県真室川町
40%
沖縄県久米島町
40%
宮城県大河原町
40%
山梨県丹波山村
40%
福島県西会津町
40%
北海道木古内町
40%
千葉県大多喜町
40%
岡山県西粟倉村
40%
千葉県横芝光町
40%
京都府大山崎町
40%
長野県山ノ内町
33%
岐阜県八百津町
33%
東京都日の出町
33%
北海道幌加内町
33%
和歌山県日高川町
33%
長野県御代田町
33%
京都府与謝野町
33%
和歌山県みなべ町
33%
沖縄県八重瀬町
33%
沖縄県与那原町
33%
宮崎県日之影町
33%
岐阜県輪之内町
33%
秋田県東成瀬村
33%
北海道訓子府町
33%
北海道秩父別町
33%
和歌山県紀美野町
33%
山口県田布施町
33%
和歌山県九度山町
33%
京都府久御山町
33%
福岡県太宰府市
33%
和歌山県すさみ町
33%
和歌山県古座川町
33%
長崎県東彼杵町
33%
宮城県七ヶ浜町
33%
宮城県七ヶ宿町
33%
千葉県酒々井町
33%
長野県佐久穂町
33%
山形県寒河江市
33%
秋田県五城目町
33%
長野県木島平村
33%
徳島県つるぎ町
33%
和歌山県上富田町
33%
北海道西興部村
33%
沖縄県伊平屋村
33%
北海道東神楽町
33%
群馬県東吾妻町
33%
北海道岩見沢市
33%
高知県仁淀川町
33%
岩手県西和賀町
33%
青森県風間浦村
33%
宮崎県西米良村
33%
高知県奈半利町
33%
北海道上士幌町
33%
北海道上砂川町
33%
北海道中札内村
33%
北海道奈井江町
33%
北海道喜茂別町
27%
北海道上ノ国町
27%
宮崎県五ヶ瀬町
27%
三重県木曽岬町
27%
長野県小布施町
27%
沖縄県大宜味村
27%
埼玉県毛呂山町
27%
静岡県川根本町
27%
北海道厚沢部町
27%
北海道妹背牛町
27%
長野県下諏訪町
27%
北海道むかわ町
27%
奈良県田原本町
27%
福島県檜枝岐村
27%
長崎県波佐見町
27%
奈良県野迫川村
27%
沖縄県渡嘉敷村
27%
北海道弟子屈町
27%
沖縄県渡名喜村
27%
沖縄県多良間村
27%
熊本県多良木町
27%
沖縄県座間味村
27%
岡山県瀬戸内市
27%
北海道赤井川村
27%
栃木県高根沢町
27%
宮城県南三陸町
27%
高知県中土佐町
20%
岩手県金ケ崎町
20%
北海道小清水町
20%
青森県西目屋村
20%
沖縄県南風原町
20%
北海道留寿都村
20%
鹿児島県東串良町
20%
熊本県津奈木町
20%
沖縄県嘉手納町
20%
沖縄県今帰仁村
13%
福岡県大刀洗町
7%

Score Distribution

Percentile by Number Answered

Percent of People with Each Score

Your Score History

You have not taken this quiz